La conciliation et l'arbitrage en matière de conflits collectifs entre patrons et ouvriers ou employés (Record no. 161950)

MARC details
000 -LEADER
campo de control de longitud fija 00772nam a22001815i 4500
001 - NÚMERO DE CONTROL
campo de control 161950
003 - IDENTIFICADOR DE NÚMERO DE CONTROL
campo de control ES-MaACL
005 - FECHA Y HORA DE LA ÚLTIMA TRANSACCIÓN
campo de control 20230906212406.0
008 - DATOS DE LONGITUD FIJA--INFORMACIÓN GENERAL
campo de control de longitud fija 041029s1896 fr |||| | fre d
100 1# - ENTRADA PRINCIPAL--NOMBRE DE PERSONA
Nombre de persona Peronnet, Ch.
9 (RLIN) 131035
245 13 - MENCIÓN DEL TÍTULO
Título La conciliation et l'arbitrage en matière de conflits collectifs entre patrons et ouvriers ou employés
Resto del título : thèse por le doctorat /
Mención de responsabilidad, etc. par Ch. Peronnet.
260 ## - PUBLICACIÓN, DISTRIBUCIÓN, ETC.
Lugar de publicación, distribución, etc. Paris :
Nombre del editor, distribuidor, etc. Librairie de la Sociéte du Recueil Général des Lois et des arréts :
-- L. Larose et Forcel,
Fecha de publicación, distribución, etc. 1896.
300 ## - DESCRIPCIÓN FÍSICA
Extensión 346 p. ;
Dimensiones 24 cm.
594 ## - Nota al título y mención de responsabilidad
Nota al título y mención de responsabilidad Precede al tít.: Faculté de Droit de Paris.
650 #4 - PUNTO DE ACCESO ADICIONAL DE MATERIA--TÉRMINO DE MATERIA
Término de materia o nombre geográfico como elemento de entrada Conflictos laborales.
9 (RLIN) 171201
710 2# - ENTRADA AGREGADA--NOMBRE DE ENTIDAD CORPORATIVA
Nombre de entidad corporativa o nombre de jurisdicción como elemento de entrada Université de Paris.
Unidad subordinada Faculté de Droit.
9 (RLIN) 7484
852 ## - LOCALIZACIÓN
Ubicación ES-MaACL
Número de control de estantería F-9660
Nota libre - Enc. hol.
Holdings
Estatus retirado Estado de pérdida Estado de daño No para préstamo Colección Biblioteca de origen Biblioteca actual Ubicación en estantería Fecha de adquisición Fuente de adquisición Total de préstamos Signatura topográfica completa Código de barras Visto por última vez Precio de reemplazo Tipo de ítem Koha
        Libros del s. XIX Biblioteca del Ateneo de Madrid Biblioteca del Ateneo de Madrid Sala Pecera Planta 2 17/01/2008     F-9660 1169648 23/02/2023 23/02/2023 Libro impreso antiguo